000 01986nam a2200433 c 4500
003 BLK
005 20250217100521.0
008 180408b bul|||||r ||||||| ||bul||
010 _aKNG00075204000
020 _a978-954-26-0508-9
_bиздат.: Хермес
040 _aBLK
041 _aBUL
_cBUL
080 _aИстория на Русия и СССР. Вж и 936 ; 957
_b94(470)
_x(0:82-31)
_z94(470)(0:82-31)
080 _aРуска литература
_b821.161.1
_x-31
_z821.161.1-31
080 _aВътрешна политика. Вж и 329
_b323
_x(470)(0:82-31)
_z323(470)(0:82-31)
100 1 _aФьодоровски, Владимир
_eпърви автор
_9290744
700 1 _aФедоровски, Владимир
_e*
_9133564
700 1 _aСтанева, Венелина
_eпрев. от фр.
_9370156
139 _aФедоровски, Владимир
_bФ 32
245 1 0 _aОтделът на дявола
_bОкултизмът в Русия от Иван Грозни до наши дни
_cВладимир Фьодоровски; * Владимир Федоровски; прев. от фр. Венелина Станева.
257 _aFRA
260 Пловдив
_bХермес
_c2007
_fХасково : Полиграфюг
300 _a286 с.
_c20 см
380 _a9
500 _aОриг. загл. Le departament du diable / Vladimir Fedorovski. - Офс. изд. - Библиогр. с. 281-284.
650 4 _aРусия - история и политика
_9246681
650 4 _aОкултизъм - история
_9261325
651 4 _aРусия
_9179465
653 _aРусия
653 _aистория
653 _aполитика
653 _aокултизъм
852 _aЦб 234009
856 4 _qpdf
_u
856 4 _qpdf
_u
942 _cKNG
_n0
_09
944 _aCR
_c21.05.2007
_lМинев Младен
_k30530
944 _aED
_c18.07.2017
_lф /
_kЛюдмила_Стоянова
999 _c70841
_d70841